书目信息 |
| 题名: |
建筑结构优秀设计图集
|
|
| 作者: | 《建筑结构优秀设计图集》编委会[编] | |
| 分册: | 11 | |
| 出版信息: | 北京 中国建筑工业出版社 2020.6 |
|
| 页数: | 395页 | |
| 开本: | 26cm | |
| 丛书名: | ||
| 单 册: | ||
| 中图分类: | TU318.3 | |
| 科图分类: | ||
| 主题词: | 建筑结构--结构设计--设计图 | |
| 电子资源: | ||
| ISBN: | 978-7-112-19231-1 | |
| 000 | 00879nam0 2200217 45 | |
| 001 | 012001002125 | |
| 005 | 20211013153902.61 | |
| 010 | @a978-7-112-19231-1@b精装@dCNY80.00 | |
| 100 | @a20160816d2016 em y0chiy50 ea | |
| 101 | 0 | @achi |
| 102 | @aCN@b110000 | |
| 105 | @aa z 000yy | |
| 106 | @ar | |
| 200 | 1 | @a建筑结构优秀设计图集@Ajian zhu jie gou you xiu she ji tu ji@h11@b专著@f《建筑结构优秀设计图集》编委会[编] |
| 210 | @a北京@c中国建筑工业出版社@d2020.6 | |
| 215 | @a395页@d26cm | |
| 330 | @a本书系全国第八届优秀建筑结构设计评选出的高层及多层建筑结构和大跨度空间结构及特种结构部分29个获奖项目汇编而成,是我国2010-2013年期间建筑结构设计的代表作。每个项目介绍工程概况、计算方法、结构布置、构造大样、配筋做法、抗震构造措施等。 | |
| 606 | 0 | @a建筑结构@x结构设计@x设计图 |
| 690 | @aTU318.3@v5 | |
| 801 | 0 | @aCN@bBJSDL@c20211011 |
| 905 | @b1338533-6@dTU318.3@e2008:11@f4 | |
| 建筑结构优秀设计图集.11/《建筑结构优秀设计图集》编委会[编].-北京:中国建筑工业出版社,2020.6 |
| 395页;26cm |
| ISBN 978-7-112-19231-1(精装):CNY80.00 |
| 本书系全国第八届优秀建筑结构设计评选出的高层及多层建筑结构和大跨度空间结构及特种结构部分29个获奖项目汇编而成,是我国2010-2013年期间建筑结构设计的代表作。每个项目介绍工程概况、计算方法、结构布置、构造大样、配筋做法、抗震构造措施等。 |
| ● |
| 相关链接 |
|
|
|
|
正题名:建筑结构优秀设计图集
索取号:TU318.3/2008:11
 
预约/预借
| 序号 | 登录号 | 条形码 | 馆藏地/架位号 | 状态 | 备注 |
| 1 | 1338533 | 213385335 | 第二样本阅览室/ [索取号:TU318.3/2008:11] | 在馆 | |
| 2 | 1338534 | 213385344 | 第三借阅区/ [索取号:TU318.3/2008:11] | 在馆 | |
| 3 | 1338535 | 213385353 | 第三借阅区/ [索取号:TU318.3/2008:11] | 在馆 | |
| 4 | 1338536 | 213385362 | 第三借阅区/ [索取号:TU318.3/2008:11] | 在馆 |